000 00490nab a2200157Ia 4500
003 ES-SlBCS
005 20210601125739.0
008 140529s2011 xxu||||| |||| 00| 0 eng d
041 _aeng
100 1 _aBiro, John
_9150734
245 0 0 _aArgumentation, Arguing and Arguments: Comments on Giving Reasons
_c John Biro, Harvey Siegel
650 0 4 _aArgumentos
_9142745
700 1 _aSiegel, Harvey
_9139280
773 0 _tTheoria
_gvol. 26/3, nº. 72, 2011, págs. 279-287
_wRev475
942 _cAR
999 _c535306
_d535306